[Event "VIE-chT"]
[Site "Hanoi"]
[Date "2023.04.23"]
[Round "9"]
[White "Bui, Huu Duc"]
[Black "Pham, Anh Tuan"]
[Result "1/2-1/2"]
[WhiteElo "1534"]
[BlackElo "1932"]
[PlyCount "79"]
[EventDate "2023.04.18"]
[EventType "swiss"]
[EventRounds "9"]
[EventCountry "VIE"]
[SourceTitle "EXT 2024"]
[Source "ChessBase"]
[SourceDate "2023.10.10"]
[SourceVersion "1"]
[SourceVersionDate "2023.10.10"]
[SourceQuality "1"]

1. d4 Nf6 2. Nf3 e6 3. e3 b6 4. Bd3 Bb7 5. Nbd2 Be7 6. 0-0 0-0 7. Re1 c5 8. c3 d5 9. Ne5 Nbd7 10. f4 Ne4 11. Nxd7 Qxd7 12. Nxe4 dxe4 13. Bc2 Rac8 14. Qe2 b5 15. dxc5 Bxc5 16. Rd1 Qc6 17. Bd2 Rfd8 18. Be1 Ba6 19. Rxd8+ Rxd8 20. Rd1 Rxd1 21. Qxd1 Bxe3+ 22. Kh1 Bb6 23. Bf2 Bb7 24. Bxb6 Qxb6 25. Qe2 Qc6 26. Kg1 Qc5+ 27. Kf1 f5 28. Qh5 Qe7 29. Qe2 Qd6 30. Qe3 Bd5 31. a3 g5 32. g3 gxf4 33. gxf4 Qe7 34. Qg3+ Qg7 35. Qh4 h6 36. Kf2 Kh7 37. Qg3 a5 38. Qxg7+ Kxg7 39. b3 Kf6 40. Ke3 1/2-1/2

[Event "VIE-chT"]
[Site "Hanoi"]
[Date "2023.04.22"]
[Round "8"]
[White "Ninh, Anh Phi"]
[Black "Bui, Huu Duc"]
[Result "0-1"]
[WhiteElo "1942"]
[BlackElo "1534"]
[PlyCount "140"]
[EventDate "2023.04.18"]
[EventType "swiss"]
[EventRounds "9"]
[EventCountry "VIE"]
[SourceTitle "EXT 2024"]
[Source "ChessBase"]
[SourceDate "2023.10.10"]
[SourceVersion "1"]
[SourceVersionDate "2023.10.10"]
[SourceQuality "1"]

1. e4 e6 2. Nf3 d5 3. exd5 exd5 4. Bb5+ c6 5. Ba4 Bd6 6. 0-0 Ne7 7. h3 0-0 8. d3 Bf5 9. Be3 Nd7 10. Nbd2 Nf6 11. Bg5 Ng6 12. Nh4 Nxh4 13. Bxh4 a5 14. a3 Qd7 15. Qf3 Be7 16. Rfe1 Be6 17. Bb3 h6 18. Re2 g5 19. Bg3 Kh7 20. Qe3 Rg8 21. c4 Rg7 22. Nf3 Rag8 23. Ne5 Qc8 24. Bc2 h5 25. Bh2 Rh8 26. d4+ Kg8 27. c5 h4 28. Ng6 fxg6 29. Qxe6+ Qxe6 30. Rxe6 Kf7 31. Rae1 Re8 32. f4 gxf4 33. Bxf4 Bd8 34. Rxe8 Nxe8 35. Be5 Rg8 36. b4 axb4 37. axb4 Bc7 38. b5 Bxe5 39. Rxe5 Ng7 40. bxc6 bxc6 41. Rg5 Ne6 42. Rg4 g5 43. Ba4 Rc8 44. Kf2 Kf6 45. g3 hxg3+ 46. Kxg3 Ng7 47. Kf3 Nf5 48. Ke2 Re8+ 49. Kd2 Re6 50. Kd3 Kg6 51. Kc3 Ne3 52. Rg3 Kf5 53. Bxc6 Kf4 54. Bd7 Re7 55. c6 Kxg3 56. c7 Rxd7 57. c8Q Rf7 58. Qh8 Rf3 59. Kb4 Kg2 60. Qh5 Rg3 61. h4 gxh4 62. Qxh4 Rg4 63. Qf6 Kg3 64. Qe5+ Kf3 65. Kc3 Ke2 66. Qh2+ Rg2 67. Qe5 Rg4 68. Qh5 Nd1+ 69. Kb4 Ne3 70. Kc5 Kd3 0-1

[Event "VIE-chT"]
[Site "Hanoi"]
[Date "2023.04.20"]
[Round "5"]
[White "Bui, Huu Duc"]
[Black "Duong, Vu Anh"]
[Result "0-1"]
[WhiteElo "1534"]
[BlackElo "1975"]
[PlyCount "72"]
[EventDate "2023.04.18"]
[EventType "swiss"]
[EventRounds "9"]
[EventCountry "VIE"]
[SourceTitle "EXT 2024"]
[Source "ChessBase"]
[SourceDate "2023.10.10"]
[SourceVersion "1"]
[SourceVersionDate "2023.10.10"]
[SourceQuality "1"]

1. e4 c5 2. Nc3 Nc6 3. f4 g6 4. Nf3 Bg7 5. Bc4 e6 6. 0-0 Nge7 7. d3 0-0 8. Qe1 d5 9. Bb3 a6 10. a4 Rb8 11. Qf2 Nd4 12. exd5 exd5 13. Re1 Be6 14. Ba2 b5 15. Nd1 Qa5 16. Nxd4 Bxd4 17. Be3 Bxe3 18. Nxe3 bxa4 19. Bb3 Rb4 20. Qd2 Qb5 21. c4 Qb7 22. Bxa4 Rxb2 23. Bc2 Nf5 24. Nxf5 Bxf5 25. Qc3 d4 26. Qd2 Qb4 27. Qe2 Qc3 28. Rec1 a5 29. Kf1 Rxc2 30. Rxc2 Qxa1+ 31. Kf2 Qh1 32. h3 Qh2 33. Kf3 Qg1 34. Rd2 Bd7 35. Rd1 Bc6+ 36. Kg3 Qe3+ 0-1

[Event "VIE-chT"]
[Site "Hanoi"]
[Date "2023.04.18"]
[Round "2"]
[White "Ho, Quoc Duy"]
[Black "Bui, Huu Duc"]
[Result "0-1"]
[WhiteElo "1968"]
[BlackElo "1534"]
[PlyCount "86"]
[EventDate "2023.04.18"]
[EventType "swiss"]
[EventRounds "9"]
[EventCountry "VIE"]
[SourceTitle "EXT 2024"]
[Source "ChessBase"]
[SourceDate "2023.10.10"]
[SourceVersion "1"]
[SourceVersionDate "2023.10.10"]
[SourceQuality "1"]

1. e4 e6 2. d4 d5 3. exd5 exd5 4. Nc3 c6 5. Nf3 Bd6 6. Bd3 Ne7 7. 0-0 0-0 8. Bg5 f6 9. Bh4 Bf5 10. Re1 Bxd3 11. Qxd3 Na6 12. a3 Qd7 13. Qe3 Nc7 14. Bg3 Nf5 15. Qd3 Rae8 16. Bxd6 Nxd6 17. h3 Rxe1+ 18. Rxe1 Nc4 19. b3 Nxa3 20. Na4 Nab5 21. Ra1 Nd6 22. Nc5 Qc8 23. Rxa7 b6 24. Rxc7 Qxc7 25. Ne6 Qc8 26. Nxf8 Qxf8 27. c4 Qf7 28. c5 bxc5 29. dxc5 Nb5 30. b4 Qe6 31. Qd2 Kf7 32. Qf4 h6 33. Nd4 Qe1+ 34. Kh2 Qxb4 35. Qb8 Qxd4 36. Qb7+ Kg6 37. Qxc6 Qe5+ 38. Kg1 Nd4 39. Qb6 Qe1+ 40. Kh2 Ne2 41. h4 Qg1+ 42. Kh3 Qh1+ 43. Kg4 Qxg2# 0-1

[Event "VIE-ch U13"]
[Site "Hanoi"]
[Date "2022.06.15"]
[Round "7"]
[White "Bui, Huu Duc"]
[Black "Nguyen, Thai Son"]
[Result "1/2-1/2"]
[WhiteElo "2368"]
[BlackElo "2336"]
[PlyCount "43"]
[EventDate "2022.06.11"]
[EventType "swiss"]
[EventRounds "9"]
[EventCountry "VIE"]
[SourceTitle "EXT 2023"]
[Source "ChessBase"]
[SourceDate "2022.10.05"]
[SourceVersion "1"]
[SourceVersionDate "2022.10.05"]
[SourceQuality "1"]

1. d4 d5 2. Nf3 Nf6 3. e3 g6 4. Bd3 Bg7 5. Nbd2 0-0 6. 0-0 Nbd7 7. e4 Nxe4 8. Nxe4 dxe4 9. Bxe4 c5 10. c3 cxd4 11. cxd4 Nf6 12. Bc2 Be6 13. Bb3 Bd5 14. Be3 Rc8 15. Ne5 Qa5 16. Bxd5 Nxd5 17. Qb3 Rc7 18. Rfd1 e6 19. Nd3 Rd8 20. Nc5 Qb6 21. Rac1 Qxb3 22. Nxb3 1/2-1/2

[Event "VIE-ch U13"]
[Site "Hanoi"]
[Date "2022.06.11"]
[Round "1"]
[White "Bui, Huu Duc"]
[Black "Ho, Dang Nhat Minh"]
[Result "1-0"]
[WhiteElo "2368"]
[BlackElo "2343"]
[PlyCount "90"]
[EventDate "2022.06.11"]
[EventType "swiss"]
[EventRounds "9"]
[EventCountry "VIE"]
[SourceTitle "EXT 2023"]
[Source "ChessBase"]
[SourceDate "2022.10.05"]
[SourceVersion "1"]
[SourceVersionDate "2022.10.05"]
[SourceQuality "1"]

1. d4 Nf6 2. Nd2 d5 3. Ngf3 e6 4. e3 Bd6 5. Bd3 Nbd7 6. 0-0 0-0 7. Re1 e5 8. dxe5 Nxe5 9. Nxe5 Bxe5 10. Nf3 Bd6 11. h3 h6 12. b3 Bb4 13. Bd2 Bxd2 14. Nxd2 Re8 15. Qf3 b6 16. e4 dxe4 17. Nxe4 Nxe4 18. Rxe4 Rxe4 19. Qxe4 Be6 20. Qh7+ Kf8 21. Re1 Rc8 22. Bc4 Qd2 23. Qh8+ Ke7 24. Rxe6+ fxe6 25. Qxc8 Qc1+ 26. Bf1 Qxc2 27. Qa6 Qc1 28. Qxa7 Kd6 29. Qa4 Ke7 30. Qc4 Qxc4 31. Bxc4 c5 32. f4 Kf6 33. Kf2 Kf5 34. Kf3 g6 35. g4+ Kf6 36. Ke4 g5 37. fxg5+ hxg5 38. Bb5 e5 39. Bc4 b5 40. Bxb5 Ke6 41. a4 Kd6 42. a5 Kc7 43. Kxe5 Kb7 44. Kd5 c4 45. bxc4 Kc7 1-0

[Event "VIE-chT"]
[Site "Bac Giang"]
[Date "2020.06.06"]
[Round "1.9"]
[White "Bui, Huu Duc"]
[Black "Duong, The Anh"]
[Result "0-1"]
[WhiteElo "1622"]
[BlackElo "2335"]
[PlyCount "60"]
[EventDate "2020.06.06"]
[EventType "swiss"]
[EventRounds "9"]
[EventCountry "VIE"]
[SourceTitle "CBM 197 Extra"]
[Source "ChessBase"]
[SourceDate "2020.09.30"]
[SourceVersion "1"]
[SourceVersionDate "2020.09.30"]
[SourceQuality "1"]

1. d4 Nf6 2. Nf3 g6 3. e3 Bg7 4. Bd3 0-0 5. 0-0 d6 6. Nbd2 Nfd7 7. e4 c5 8. c3 cxd4 9. cxd4 Nc6 10. Nb3 a5 11. Be3 a4 12. Nbd2 d5 13. Rb1 Nb6 14. Be2 dxe4 15. Nxe4 Bf5 16. Bd3 Nxd4 17. Bxd4 Bxd4 18. Qe2 Bg7 19. Rfd1 Nd5 20. Bc4 Nf4 21. Qe3 Qb8 22. Nc5 b5 23. Be2 Nxe2+ 24. Qxe2 Qa7 25. Nd3 Be6 26. Nde5 Qb7 27. a3 Rfd8 28. Nd4 Bd5 29. f3 f6 30. Nd3 Qb6 0-1

[Event "VIE-ch U11"]
[Site "Hanoi"]
[Date "2020.??.??"]
[Round "6"]
[White "Bui, Huu Duc"]
[Black "Bui, Tran Minh Khang"]
[Result "1-0"]
[WhiteElo "1622"]
[BlackElo "1331"]
[PlyCount "63"]
[EventDate "2020.10.22"]
[EventType "swiss"]
[EventRounds "7"]
[EventCountry "VIE"]
[SourceTitle "EXT 2022"]
[Source "ChessBase"]
[SourceDate "2021.10.06"]
[SourceVersion "1"]
[SourceVersionDate "2021.10.06"]
[SourceQuality "1"]

1. d4 Nf6 2. Nf3 g6 3. e3 Bg7 4. Bd3 0-0 5. Nbd2 d6 6. 0-0 c5 7. c3 Nc6 8. a3 a6 9. Re1 b5 10. e4 Nd7 11. d5 Nce5 12. Nxe5 Nxe5 13. Bb1 Qb6 14. h3 a5 15. f4 Nd7 16. Nf3 Qb8 17. Qe2 c4 18. Qf2 Bb7 19. Qg3 e6 20. dxe6 fxe6 21. f5 exf5 22. exf5 Bxf3 23. Qxf3 Nc5 24. Qd5+ Kh8 25. fxg6 Re8 26. Rf1 Qb6 27. Kh1 Ra7 28. Qh5 Bf8 29. g7+ Rxg7 30. Qxe8 Nd7 31. Bh6 Rg8 32. Qxd7 1-0

[Event "VIE Cup"]
[Site "Bac Giang"]
[Date "2018.06.02"]
[Round "6"]
[White "Nguyen, Le Minh Phu"]
[Black "Bui, Huu Duc"]
[Result "1-0"]
[WhiteElo "1792"]
[BlackElo "1913"]
[PlyCount "105"]
[EventDate "2018.05.30"]
[EventType "swiss"]
[EventRounds "9"]
[EventCountry "VIE"]
[SourceTitle "CBM 184 Extra"]
[Source "ChessBase"]
[SourceDate "2018.06.28"]
[SourceVersion "1"]
[SourceVersionDate "2018.06.28"]
[SourceQuality "1"]

1. d4 f5 2. e4 fxe4 3. Nc3 Nf6 4. Bg5 e6 5. Nxe4 Be7 6. Nxf6+ Bxf6 7. Bxf6 Qxf6 8. Nf3 0-0 9. Bd3 d5 10. 0-0 Nc6 11. Re1 Bd7 12. c3 Be8 13. Qc2 h6 14. Re3 Bh5 15. Rae1 Rae8 16. Ne5 Nxe5 17. Rxe5 Bf7 18. R1e3 Kh8 19. Qe2 Re7 20. Qe1 Ree8 21. b3 Bg8 22. Bf5 Re7 23. Bxe6 Bxe6 24. Rxe6 Rxe6 25. Rxe6 Qf4 26. Re5 Rf5 27. Qe3 Qg4 28. f3 Qg6 29. Qd3 Rg5 30. Qxg6 Rxg6 31. Rxd5 Ra6 32. a4 Rb6 33. b4 Rc6 34. Rc5 Rxc5 35. dxc5 c6 36. Kf2 Kg8 37. Ke3 Kf7 38. c4 g5 39. g3 Kf6 40. Ke4 Ke6 41. b5 h5 42. f4 g4 43. f5+ Kf6 44. Kf4 a5 45. bxc6 bxc6 46. Ke4 Ke7 47. Ke5 Kf7 48. Kd6 Kf6 49. Kxc6 Kxf5 50. Kb7 Ke4 51. c6 Kd4 52. c7 Kxc4 53. c8Q+ 1-0

[Event "VIE Cup"]
[Site "Bac Giang"]
[Date "2018.06.01"]
[Round "4"]
[White "Do, Thanh Trung"]
[Black "Bui, Huu Duc"]
[Result "1-0"]
[WhiteElo "1867"]
[BlackElo "1913"]
[PlyCount "140"]
[EventDate "2018.05.30"]
[EventType "swiss"]
[EventRounds "9"]
[EventCountry "VIE"]
[SourceTitle "CBM 184 Extra"]
[Source "ChessBase"]
[SourceDate "2018.06.28"]
[SourceVersion "1"]
[SourceVersionDate "2018.06.28"]
[SourceQuality "1"]

1. e4 e6 2. d4 d5 3. e5 c5 4. c3 Qb6 5. Nf3 Ne7 6. Be2 Ng6 7. 0-0 Nc6 8. a3 Be7 9. Re1 0-0 10. Bd3 Kh8 11. Bxg6 fxg6 12. h3 c4 13. Nbd2 Bd7 14. Nf1 Rf7 15. Qc2 Raf8 16. Ng3 Bd8 17. Bg5 Ne7 18. Rf1 Nf5 19. Bxd8 Qxd8 20. Qd2 h6 21. Nxf5 Rxf5 22. Rab1 Ba4 23. Kh2 g5 24. Ng1 g4 25. hxg4 Qh4+ 26. Nh3 Qxg4 27. f3 Qg6 28. Qe3 Bc2 29. Rbc1 Bd3 30. Rg1 Rh5 31. Rh1 b5 32. Kg1 a5 33. Nf2 Rg5 34. g4 Qf7 35. Kg2 Bh7 36. Kg3 Bd3 37. Nxd3 cxd3 38. Rcf1 Qg6 39. Rd1 Rgf5 40. Rhf1 Rg5 41. Qxd3 Qf7 42. Qe3 Rg6 43. b3 Qf5 44. a4 bxa4 45. bxa4 Qc2 46. Qd3 Qxd3 47. Rxd3 Rb8 48. Rdd1 Rb3 49. Rc1 Kg8 50. Rf2 Ra3 51. c4 dxc4 52. Rxc4 h5 53. Kf4 hxg4 54. fxg4 Rh6 55. Rf3 Ra2 56. g5 Rh4+ 57. Kg3 Rah2 58. g6 R4h3+ 59. Kf4 Rxf3+ 60. Kxf3 Kf8 61. Rc8+ Ke7 62. Rc7+ Kf8 63. Ra7 Rh4 64. Rxa5 Rxd4 65. Ra8+ Ke7 66. Ra7+ Kf8 67. a5 Ra4 68. a6 Ra5 69. Rf7+ Ke8 70. a7 Ra3+ 1-0